Score 0/19 Timer 03:00
0 Plays Today
Title Color % Correct
Yellow ______Submarine
95.5%
Somewhere Over The ____Rainbow
95.3%
Brown Eyed ____Girl
94.1%
Itsy Bitsy Teenie Weenie Yellow ____ Dot BikiniPolka
91.4%
Blue ____ ShoesSuede
90.8%
____ in BlackBack
77.6%
White ______Christmas
77.6%
_____ it BlackPaint
73%
Behind Blue _____Eyes
72.4%
____ in RedLady
69.8%
Title Color % Correct
Yellow ___ of TexasRose
57.8%
______ These Hazel EyesBehind
47%
Black and ____Yellow
39.2%
_____ of GoldFields
31.7%
Pink _____Houses
30.5%
Orange _____Crush
25.3%
_____ of GreyTouch
20.3%
_____ the Blue SkyBullet
11.8%
Black Eyes, Blue ____Tears
7.5%

Today's Daily Dose

Remove Ads.
Support Sporcle.
Get the best of Sporcle when you Go Orange. This ad-free experience offers more features, more stats, and more fun while also helping to support Sporcle. Thank you for becoming a member.

You're not logged in!

Compare scores with friends on all Sporcle quizzes.
OR
Log In

Show Comments

Extras

Top Quizzes Today


Score Distribution

Your Account Isn't Verified!

In order to create a playlist on Sporcle, you need to verify the email address you used during registration. Go to your Sporcle Settings to finish the process.

Report this User

Report this user for behavior that violates our Community Guidelines.

Details: